000 00664nam a2200217 i 4500
001 30998
003 ES-MaACL
005 20251213063016.0
007 t|
008 030128s1946 ag ||||1| spa d
080 _a273
100 1 _aBelloc, Hilaire,
_d1870-1953
_927250
245 1 4 _aLas grandes herejías /
_cHilaire Belloc ; traducción de Pedro de Olazábal.
250 _a2ª ed.
260 _aBuenos Aires :
_bLa Espiga de Oro,
_c1946 (
_fFrancisco A. Colombo)
300 _a243 p. ;
_c21 cm.
650 7 _aHerejías
_2embne
_913321
700 1 _aOlazábal, Pedro de.
_986680
852 _aES-MaACL
_jD-5454
_bR.30845
999 _c30998
_d30998